00464nam a2200145Ia 4500008004100000020001800041100002200059245005500081260001500136500002400151650003500175942000700210952008400217999001700301230524s9999 xx 000 0 und d a9788184491708 aHans Noren936674 0aHow to Invest Like the World''s Greatest Investors bSura Books aQuantity Number: 1 aPersonality Development936675 cBK 00104070aTATCLbTATCLcGENd2023-05-24l0p44999r2023-05-24w2023-05-24yBK c50698d50698